000 00602nam a2200265Ia 4500
005 20260306153048.0
008 008 260114s9999 xx 000 0 eng d
020 _a9789385386107
037 _aEBOOK
040 _aCRL
040 _beng
040 _cCRL
041 _2eng
041 _aeng
084 _qCRL
100 _aNayak
245 4 _aThe State and Land Records Modernisation
250 _a1st ed
260 _bFoundation Books
260 _c2022
650 _aCommerce
856 _uhttps://doi.org/10.1017/9789385386107
942 _cEBOOK
999 _c1702040
_d1702040